Financial consumer protection in the European Union

Uložené v:
Podrobná bibliografia
Hlavný autor: Kollár, Vojtech
Ďalší autori: Sabadošová, Ľubica, 1976-
Médium: Kapitola
Jazyk:English
Predmet:
Tagy: Pridať tag
Žiadne tagy, Buďte prvý, kto otaguje tento záznam!

MARC

LEADER 00000naa a2200000 4500
001 0208776
005 20240502073453.1
041 0 |a eng 
044 |a SK 
245 1 0 |a Financial consumer protection in the European Union  |c Vojtech Kollár, Ľubica Sabadošová 
610 2 0 |a spotrebitelia 
610 2 0 |a ochrana spotrebiteľa 
610 2 0 |a trh finančný 
610 2 0 |a banky 
610 2 0 |a legislatíva 
610 2 0 |a Európska únia 
610 2 0 |a Slovensko 
610 2 0 |a Nemecko 
610 2 0 |a Veľká Británia 
100 1 |a Kollár, Vojtech 
700 1 |a Sabadošová, Ľubica, 1976-